000 01806nam a2200253Ia 4500
008 260220t1965||||xx |||||||||||||| ||spa||
040 _aPY-SlUNAC
_bspa
_erda
041 _aspa
082 _a531
_bSyn75p
100 _aSynge, John L.
_eAutor
245 0 _aPrincipios de mecánica /
_cpor John L. Synge [Autor] y Byron A. Griffith [Autor]
264 _aNueva York :
_bMcGraw-Hill,
_c℗1965.
300 _a1 volumen
520 _a"Principios de mecánica" de John L. Synge es una obra fundamental que aborda los conceptos y teorías esenciales de la mecánica clásica. A lo largo del texto, Synge presenta un enfoque sistemático y riguroso, empezando por los principios básicos del movimiento y la dinámica de partículas, hasta llegar a temas más complejos como la mecánica de sistemas de múltiples cuerpos y la teoría de la relatividad. La obra destaca la importancia de la formulación matemática en la física, utilizando el cálculo vectorial y las ecuaciones diferenciales para describir fenómenos físicos. Además, incluye una serie de ejemplos y problemas que permiten al lector aplicar los conceptos aprendidos, facilitando un aprendizaje práctico. Synge también reflexiona sobre las limitaciones de la mecánica clásica y las implicaciones de la mecánica cuántica en el contexto de la física moderna. Este libro es una referencia valiosa para estudiantes y profesionales interesados en profundizar en la mecánica y sus aplicaciones en diversas áreas de la ciencia e ingeniería.
653 _aCiencias físicas
653 _aFísica
653 _aMecánica
700 _aGriffith, Byron A.
_eAutor
942 _b2026/02/17
_cBK
999 _c7758
_d7758